书目信息 |
| 题名: |
当今名家侃市场
|
|
| 作者: | 钟声 编 | |
| 分册: | ||
| 出版信息: | 成都 四川人民出版社 1992.12 |
|
| 页数: | 195页 | |
| 开本: | 20cm | |
| 丛书名: | ||
| 单 册: | ||
| 中图分类: | F045.5-44 | |
| 科图分类: | 27.2765055 | |
| 主题词: | 社会主义经济∶市场经济--问答 , 市场经济∶社会主义经济--问答 | |
| 电子资源: | ||
| ISBN: | 7-220-01975-0 | |
| 000 | 00790nam0 2200253 45 | |
| 001 | 0193038530 | |
| 005 | 20070725090701.67 | |
| 010 | @a7-220-01975-0@dCNY4.50 | |
| 100 | @a19930914d1992 em y0chiy0121 ea | |
| 101 | 0 | @achi |
| 102 | @aCN@b510000 | |
| 105 | @ay z 000yy | |
| 200 | 10 | @a当今名家侃市场@ADANG JIN MING JIA KAN SHI CHANG@f钟 声编@FZHONG SHENG BIAN |
| 210 | @a成都@c四川人民出版社@d1992.12 | |
| 215 | @a195页@d20cm | |
| 330 | @a收入吴敬轩、厉以宁、王珏、高尚全、钟朋荣、张卓元等有关市场的阐述。 | |
| 540 | 1 | @a市场@ASHI CHANG |
| 606 | @a社会主义经济∶市场经济@x问答 | |
| 606 | @a市场经济∶社会主义经济@x问答 | |
| 690 | @aF045.5-44@v三版 | |
| 692 | @a27.2765055 | |
| 701 | 0 | @a钟声@AZHONG SHENG@4编 |
| 801 | 0 | @aCN@bTSSF@c20070725 |
| 905 | @a10447@dF045.5-44@e117 | |
| 当今名家侃市场/钟 声编.-成都:四川人民出版社,1992.12 |
| 195页;20cm |
| ISBN 7-220-01975-0:CNY4.50 |
| 收入吴敬轩、厉以宁、王珏、高尚全、钟朋荣、张卓元等有关市场的阐述。 |
| ● |
| 相关链接 |
|
|
|
|
正题名:当今名家侃市场
索取号:F045.5-44/117
 
预约/预借
| 序号 | 登录号 | 条形码 | 馆藏地/架位号 | 状态 | 备注 |
| 1 | 0766335 | 207663358 | 第一样本阅览室/ [索取号:F045.5-44/117] | 在馆 |